Statistics for Formula 1 - the latest winner for each country

Click here to take the quiz!

General Stats

  • This quiz has been taken 202 times
    (153 since last reset)
  • The average score is 20 of 23

Answer Stats

CountryYearDriver% Correct
Netherlands2023Max Verstappen
100%
Spain2023Carlos Sainz
98%
Monaco2022Charles Leclerc
98%
Mexico2023Sergio Perez
98%
Germany2019Sebastian Vettel
97%
Australia2021Daniel Ricciardo
96%
United Kingdom2022George Russell
95%
Finland2021Valtteri Bottas
95%
France2021Esteban Ocon
94%
Poland2008Robert Kubica
93%
Canada1997Jacques Villeneuve
92%
Colombia2005Juan Pablo Montoya
91%
Venezuela2012Pastor Maldonado
84%
United States1978Mario Andretti
83%
Brazil2009Rubens Barrichello
83%
South Africa1979Jody Scheckter
81%
Austria1997Gerhard Berger
79%
New Zealand1974Denny Hulme
74%
Italy2006Giancarlo Fisichella
72%
Sweden1978Ronnie Peterson
71%
Argentina1981Carlos Reutemann
69%
Switzerland1979Clay Regazzoni
66%
Belgium1990Thierry Boutsen
56%

Score Distribution

Percentile by Number Answered

Percent of People with Each Score

Your Score History

You have not taken this quiz since the last reset